000 00532ntm a2200193 i 4500
001 97287
003 ES-MaACL
005 20231228062655.0
007 t|
008 050708s1946 sp |||| | spa d
100 1 _aMarañón, Gregorio,
_d1887-1960
_976311
245 1 0 _aLecciones de endocrinología /
_cProf. G. Marañón.
260 _a[s.l. :
_bs.n.],
_c1946.
300 _a185 p. ;
_c32 cm.
500 _aEjemplar mecanografiado.
650 4 _aEndocrinología.
_9144424
852 _aES-MaACL
_jB-753
999 _c97287
_d97287